| 000 | 00697nam a2200181Ia 4500 | ||
|---|---|---|---|
| 008 | 100921s9999 xx 000 0 und d | ||
| 082 |
_b4448 _a350 0 |
||
| 100 | _aनारायण जयप्रकाश अनु.गोरे नारायण गणेश. | ||
| 245 | _aसमाजवाद का हवा ?. | ||
| 260 |
_bसुलभ राष्ट्रीय ग्रंथमाला,पुणे. _c0 |
||
| 300 |
_a127 _b--- |
||
| 365 | _b0.62 | ||
| 520 | _aस.शा.प्रशासन. | ||
| 630 | _aसमाजवाद का हवा ?. | ||
| 650 | _aस.शा.प्रशासन. | ||
| 730 | _aसमाजवाद का हवा ?. | ||
| 942 | _cBOOK | ||
| 999 |
_c753561 _d753558 |
||